Statistics for Premier League Champions' Most Used XI 2000-2009

Click here to take the quiz!

General Stats

  • This quiz has been taken 137 times
  • The average score is 92 of 110

Answer Stats

TeamPositionNationalityAnswer% Correct
Manchester United 2007/08MFWelshRyan Giggs
97%
Manchester United 2000/01MFWelshRyan Giggs
97%
Manchester United 2002/03MFWelshRyan Giggs
97%
Manchester United 1999/00MFWelshRyan Giggs
97%
Manchester United 2006/07MFWelshRyan Giggs
97%
Manchester United 2008/09FWPortugueseCristiano Ronaldo
96%
Manchester United 2007/08MFPortugueseCristiano Ronaldo
96%
Manchester United 2006/07MFPortugueseCristiano Ronaldo
96%
Arsenal 2003/04FWFrenchThierry Henry
96%
Arsenal 2001/02FWFrenchThierry Henry
96%
Chelsea 2005/06DEFEnglishJohn Terry
95%
Chelsea 2004/05DEFEnglishJohn Terry
95%
Manchester United 2008/09DEFSerbianNemanja Vidic
95%
Manchester United 2007/08DEFSerbianNemanja Vidic
95%
Manchester United 2006/07DEFSerbianNemanja Vidic
95%
Manchester United 2000/01MFEnglishPaul Scholes
95%
Manchester United 2006/07MFEnglishPaul Scholes
95%
Manchester United 2007/08MFEnglishPaul Scholes
95%
Manchester United 1999/00MFEnglishPaul Scholes
95%
Manchester United 2002/03MFEnglishPaul Scholes
95%
Chelsea 2005/06GKCzechPetr Cech
95%
Chelsea 2004/05GKCzechPetr Cech
95%
Manchester United 2008/09DEFEnglishRio Ferdinand
95%
Manchester United 2006/07DEFEnglishRio Ferdinand
95%
Manchester United 2007/08DEFEnglishRio Ferdinand
95%
Manchester United 2002/03DEFEnglishRio Ferdinand
95%
Manchester United 2008/09FWEnglishWayne Rooney
95%
Manchester United 2006/07FWEnglishWayne Rooney
95%
Manchester United 2007/08FWEnglishWayne Rooney
95%
Manchester United 1999/00FWEnglishAndy Cole
94%
Arsenal 2003/04DEFEnglishAshley Cole
94%
Arsenal 2001/02DEFEnglishAshley Cole
94%
Arsenal 2001/02FWDutchDennis Bergkamp
94%
Arsenal 2003/04FWDutchDennis Bergkamp
94%
Manchester United 2008/09GKDutchEdwin van der Sar
94%
Manchester United 2007/08GKDutchEdwin van der Sar
94%
Manchester United 2006/07GKDutchEdwin van der Sar
94%
Manchester United 1999/00DEFEnglishGary Neville
94%
Manchester United 2006/07DEFEnglishGary Neville
94%
Manchester United 2000/01DEFEnglishGary Neville
94%
Chelsea 2004/05MFEnglishJoe Cole
94%
Chelsea 2005/06MFEnglishJoe Cole
94%
Manchester United 2000/01DEFEnglishPhil Neville
94%
Manchester United 1999/00DEFEnglishPhil Neville
94%
Manchester United 2000/01MFIrishRoy Keane
93%
Manchester United 1999/00MFIrishRoy Keane
93%
Chelsea 2004/05MFEnglishFrank Lampard
92%
Chelsea 2005/06MFEnglishFrank Lampard
92%
Manchester United 2002/03FWNorwegianOle Gunnar Solskjaer
92%
Manchester United 2000/01FWNorwegianOle Gunnar Solskjaer
92%
Manchester United 2008/09MFSouth KoreanPark Ji-Sung
91%
Manchester United 2008/09FWBulgarianDimitar Berbatov
90%
Arsenal 2001/02MFFrenchPatrick Vieira
90%
Arsenal 2003/04MFFrenchPatrick Vieira
90%
Chelsea 2004/05DEFPortugueseRicardo Carvalho
90%
Chelsea 2005/06DEFPortugueseRicardo Carvalho
90%
Manchester United 2006/07DEFFrenchPatrice Evra
88%
Manchester United 2008/09DEFFrenchPatrice Evra
88%
Manchester United 2007/08DEFFrenchPatrice Evra
88%
Arsenal 2003/04MFFrenchRobert Pires
88%
Arsenal 2001/02MFFrenchRobert Pires
88%
Manchester United 2007/08FWArgentinianCarlos Tevez
87%
Arsenal 2003/04GKGermanJens Lehmann
87%
Manchester United 2008/09MFEnglishMichael Carrick
86%
Manchester United 2007/08MFEnglishMichael Carrick
86%
Manchester United 2006/07MFEnglishMichael Carrick
86%
Manchester United 1999/00FWTrinidadianDwight Yorke
85%
Chelsea 2005/06MFGhanianMichael Essien
85%
Manchester United 2008/09MFScottishDarren Fletcher
84%
Arsenal 2001/02GKEnglishDavid Seaman
84%
Manchester United 2008/09DEFIrishJohn O'Shea
84%
Manchester United 2002/03DEFIrishJohn O'Shea
84%
Manchester United 2002/03FWDutchRuud Van Nistelrooy
84%
Arsenal 2003/04DEFIvorianKolo Toure
83%
Manchester United 2000/01GKFrenchFabien Barthez
81%
Manchester United 2002/03GKFrenchFabien Barthez
81%
Arsenal 2001/02MFSwedishFreddie Ljungberg
80%
Arsenal 2003/04MFSwedishFreddie Ljungberg
80%
Manchester United 1999/00DEFDutchJaap Stam
80%
Arsenal 2003/04DEFEnglishSol Campbell
80%
Arsenal 2001/02DEFEnglishSol Campbell
80%
Manchester United 2002/03MFEnglishDavid Beckham
77%
Manchester United 1999/00MFEnglishDavid Beckham
77%
Manchester United 2000/01MFEnglishDavid Beckham
77%
Chelsea 2004/05MFFrenchClaude Makelele
75%
Chelsea 2005/06MFFrenchClaude Makelele
75%
Manchester United 2002/03MFArgentinianJuan Sebastian Veron
75%
Chelsea 2004/05FWIcelandicEidur Gudjohnsen
74%
Chelsea 2004/05MFIrishDamien Duff
72%
Arsenal 2003/04MFBrazilianGilberto Silva
70%
Chelsea 2005/06FWArgentinianHernan Crespo
69%
Manchester United 2000/01FWEnglishTeddy Sheringham
67%
Manchester United 2000/01DEFEnglishWes Brown
67%
Manchester United 2002/03DEFEnglishWes Brown
67%
Manchester United 2007/08DEFEnglishWes Brown
67%
Chelsea 2005/06MFDutchArjen Robben
65%
Arsenal 2001/02DEFCameroonianLauren
64%
Arsenal 2003/04DEFCameroonianLauren
64%
Manchester United 2000/01DEFFrenchMikael Silvestre
63%
Manchester United 1999/00DEFFrenchMikael Silvestre
63%
Manchester United 2002/03DEFFrenchMikael Silvestre
63%
Chelsea 2004/05DEFPortuguesePaulo Ferreira
63%
Manchester United 2006/07FWFrenchLouis Saha
62%
Chelsea 2005/06DEFFrenchWilliam Gallas
60%
Chelsea 2004/05DEFFrenchWilliam Gallas
60%
Arsenal 2001/02DEFEnglishMartin Keown
58%
Manchester United 1999/00GKAustralianMark Bosnich
54%
Arsenal 2001/02MFEnglishRay Parlour
43%
Chelsea 2004/05MFPortugueseTiago Mendes
35%
Chelsea 2005/06DEFSpanishAsier del Horno
31%

Score Distribution

Percentile by Number Answered

Percent of People with Each Score

Your Score History

You have not taken this quiz